000 00502cam a2200193ua 4500
020 _a81- 224- 0300- X
_c80.00
041 _aeng
_h
082 _a516.3
_bJAI/TE
100 _aJain, P.K. .
245 _aText book of analytical geometry of three dimensions /
_cP.K.Jain.
_hTextual Documents
250 _a2 /
_b.
260 _aNew Delhi :
_bWiley Eastern Ltd ,
_c1991.
300 _a284 ; .
365 _a80.00
504 _a
942 _cBK
999 _c2992
_d2992